La Conjugació dels verbs en català / per Pompeu Fabra
Descripción Física:
58 p. ; 16 cm
Colección:
Col·lecció popular Barcino ; 6
Materias:
Català -- Verb
MARC
| LEADER | 00000nam a2200000Ia 4500 | ||
|---|---|---|---|
| 001 | 11395 | ||
| 008 | 160829s1935 xx 000 0 cat d | ||
| 080 | |a L-1-342 | ||
| 100 | 1 | |a Fabra, Pompeu, |d 1868-1948 |9 1034 | |
| 245 | |a La Conjugació dels verbs en català / per Pompeu Fabra | ||
| 250 | |a Nova ed. | ||
| 260 | |a Barcelona : |b Barcino, |c 1935 | ||
| 300 | |a 58 p. ; |c 16 cm | ||
| 490 | |a Col·lecció popular Barcino ; 6 | ||
| 650 | |a Català |x Verb |9 24451 | ||
| 901 | |a Arxiu | ||
| 942 | |n 1 | ||
| 952 | |0 0 |1 0 |4 0 |6 L1342 |7 1 |9 43161 |a Arxiu |b Arxiu |d 2016-12-01 |l 0 |o L-1-342 |p 11395 |r 2016-12-01 00:00:00 |w 2016-12-01 |y ARXIU | ||
| 999 | |c 45705 |d 45705 | ||